LEADER 01456nam 2200493 450 001 9910467914103321 005 20200520144314.0 010 $a1-119-24697-0 010 $a1-119-24700-4 035 $a(CKB)4340000000195786 035 $a(MiAaPQ)EBC4987363 035 $a(JP-MeL)3000068167 035 $a(Au-PeEL)EBL4987363 035 $a(CaPaEBR)ebr11429451 035 $a(CaONFJC)MIL1031576 035 $a(OCoLC)1002698844 035 $a(EXLCZ)994340000000195786 100 $a20170922h20182018 uy 0 101 0 $aeng 135 $aurcnu|||||||| 181 $2rdacontent 182 $2rdamedia 183 $2rdacarrier 200 00$aABC of clinical communication /$fedited by Nicola Cooper, John Frain 210 1$aChichester, [England] :$cWiley Blackwell,$d2018. 210 4$d©2018 215 $a1 online resource (89 pages) $cillustrations 225 1 $aABC Series 311 $a1-119-24698-9 320 $aIncludes bibliographical references at the end of each chapters and index. 410 0$aABC series (Malden, Mass.) 606 $aMedical personnel and patient 608 $aElectronic books. 615 0$aMedical personnel and patient. 676 $a610.696 702 $aCooper$b Nicola 702 $aFrain$b John 801 0$bMiAaPQ 801 1$bMiAaPQ 801 2$bMiAaPQ 906 $aBOOK 912 $a9910467914103321 996 $aABC of clinical communication$92150579 997 $aUNINA LEADER 01277nam a2200361 i 4500 001 991000998189707536 005 20020507181352.0 008 941026s1967 it ||| | ita 035 $ab10786983-39ule_inst 035 $aLE01305508$9ExL 040 $aDip.to Matematica$beng 082 0 $a516 084 $aAMS 00A35 084 $aAMS 51-01 084 $aZDM G30 100 1 $aChoquet, Gustave$041861 245 12$aL'insegnamento della geometria /$cGustave Choquet ; introduzione [e traduzione] di A. Pescarini 250 $a1. ed. ital 260 $aMilano :$bFeltrinelli,$cc1967 300 $axvii, 180 p. ;$c23 cm. 490 0 $aCollana di aggiornamento e didassi ;$v13 500 $aEd. francese. - Paris : Hermann, c1964 500 $aTit. orig.: L'enseignement de la géométrie 650 4$aDidactis of mathematics 650 4$aElementary geometry 650 4$aMethodology of mathematics 700 1 $aPescarini, Angelo 907 $a.b10786983$b23-02-17$c28-06-02 912 $a991000998189707536 945 $aLE013 G30 CHO11 (1967)$g1$i2013000012230$lle013$o-$pE0.00$q-$rn$s- $t1$u5$v0$w5$x0$y.i10887222$z28-06-02 996 $aInsegnamento della geometria$9346164 997 $aUNISALENTO 998 $ale013$b01-01-94$cm$da $e-$fita$git $h2$i1 LEADER 01119nam 2200349 450 001 9910137362603321 005 20231206213741.0 010 $a1-5044-0185-9 024 7 $a10.1109/IEEESTD.1970.8684360 035 $a(CKB)3710000000553813 035 $a(NjHacI)993710000000553813 035 $a(EXLCZ)993710000000553813 100 $a20231206d1964 uy 0 101 0 $aeng 135 $aur||||||||||| 181 $ctxt$2rdacontent 182 $cc$2rdamedia 183 $acr$2rdacarrier 200 10$aIEEE No 182A-1964 $eIEEE Standard Definitions of Terms for Radio Transmitters /$fInstitute of Electrical and Electronics Engineers 210 1$aPiscataway, New Jersey :$cIEEE,$d1964. 215 $a1 online resource (4 pages) 330 $aDefinitions of Terms for Radio Transmitters. 517 $aIEEE No 182A-1964 606 $aRadio$xTransmitters and transmission 615 0$aRadio$xTransmitters and transmission. 676 $a621.384131 801 0$bNjHacI 801 1$bNjHacl 906 $aDOCUMENT 912 $a9910137362603321 996 $aIEEE No 182A-1964$93646973 997 $aUNINA